000 00784nam a2200205 a 4500
003 0
005 20250227131156.0
008 100819s19uu xx 00 eng d
050 _aPGS QR 82.S6
_b.K49 2010
100 _aKim, So Hee.
245 _aThe effects of mango bark and leaves decoction to Staphylococcus aureus /
_cSo Hee Kim.
260 _aLas PiƱas City, Philippines :
_bSouthville International School and Colleges,
_c2010.
300 _a18 pages :
_billustrations ;
_c28 cm.
504 _aIncludes bibliographical references.
650 _aStaphylococcus aureus
_vEffect of plant extracts on.
650 _aAntimicrobial agents from plants.
650 _aMango tree
_vMedicinal properties.
650 _aPhytochemicals
_vAntibacterial properties.
942 _2lcc
_cPASS
999 _c98384
_d98384